[Event "Merida World Heritage op 2nd"]
[Site "Merida"]
[Date "2022.08.06"]
[Round "8"]
[White "Katz, Alexander R"]
[Black "Fernandez Camello, Alejandro"]
[Result "1-0"]
[WhiteElo "2412"]
[BlackElo "2199"]
[PlyCount "77"]
[EventDate "2022.08.02"]
[EventType "swiss"]
[EventRounds "9"]
[EventCountry "ESP"]
[SourceTitle "CBM 209 Extra"]
[Source "ChessBase"]
[SourceDate "2022.09.30"]
[SourceVersion "1"]
[SourceVersionDate "2022.09.30"]
[SourceQuality "1"]

1. e4 c5 2. Nf3 d6 3. Bb5+ Bd7 4. Bxd7+ Qxd7 5. 0-0 Nf6 6. Re1 Nc6 7. c3 e6 8. d3 Be7 9. Nbd2 Qc7 10. a3 0-0 11. b4 b5 12. Bb2 d5 13. exd5 exd5 14. bxc5 Bxc5 15. Nf1 Qb6 16. Qc2 Rac8 17. Ng3 d4 18. Nf5 dxc3 19. Bxc3 Nb8 20. d4 Bd6 21. Qd2 Bf4 22. Qxf4 Rxc3 23. Qg5 g6 24. Nh6+ Kg7 25. Nf5+ Kg8 26. Re7 Nc6 27. Nh6+ Kg7 28. Nf5+ Kg8 29. Qxf6 gxf5 30. Qg5+ Kh8 31. Qf6+ Kg8 32. Qg5+ Kh8 33. Qh6 Nxe7 34. Qxf8+ Ng8 35. Ne5 Rc7 36. Nxf7+ Rxf7 37. Qxf7 Qxd4 38. Re1 h6 39. Qxf5 1-0

[Event "Merida World Heritage op 2nd"]
[Site "Merida"]
[Date "2022.08.04"]
[Round "5"]
[White "Fernandez Camello, Alejandro"]
[Black "Gomez Ledo, Roberto Carlos"]
[Result "1/2-1/2"]
[WhiteElo "2199"]
[BlackElo "2458"]
[PlyCount "58"]
[EventDate "2022.08.02"]
[EventType "swiss"]
[EventRounds "9"]
[EventCountry "ESP"]
[SourceTitle "CBM 209 Extra"]
[Source "ChessBase"]
[SourceDate "2022.09.30"]
[SourceVersion "1"]
[SourceVersionDate "2022.09.30"]
[SourceQuality "1"]

1. d4 Nf6 2. c4 e6 3. Nf3 d5 4. Nc3 dxc4 5. e4 Bb4 6. Bg5 c5 7. Bxc4 cxd4 8. Nxd4 Bxc3+ 9. bxc3 Qa5 10. Bxf6 Qxc3+ 11. Kf1 gxf6 12. Bb5+ Ke7 13. Rc1 Qa5 14. h4 Rd8 15. Rh3 Qb6 16. Qb3 a6 17. Qa3+ Qd6 18. Qxd6+ Kxd6 19. Rd3 Ke7 20. Rc7+ Bd7 21. Bxd7 Rxd7 22. Rc8 Rd6 23. Ke2 b5 24. h5 h6 25. Ke3 b4 26. f4 Rb6 27. Rc7+ Ke8 28. Rc8+ Ke7 29. Rc7+ Ke8 1/2-1/2

[Event "ESP-ch rapid"]
[Site "Linares"]
[Date "2019.08.24"]
[Round "1"]
[White "Fernandez Camello, Alejandro"]
[Black "Plazuelo Pascual, Juan"]
[Result "0-1"]
[WhiteElo "2168"]
[BlackElo "2411"]
[PlyCount "70"]
[EventDate "2019.08.24"]
[EventType "swiss (rapid)"]
[EventRounds "9"]
[EventCountry "ESP"]
[SourceTitle "EXT 2020"]
[Source "ChessBase"]
[SourceDate "2019.10.17"]
[SourceVersion "1"]
[SourceVersionDate "2019.10.17"]
[SourceQuality "1"]

1. d4 e6 2. c4 b6 3. e4 Bb4+ 4. Bd2 Bxd2+ 5. Qxd2 d5 6. cxd5 exd5 7. e5 Ne7 8. Nf3 0-0 9. Bd3 Bg4 10. Ng5 Bf5 11. Bxf5 Nxf5 12. Nc3 c6 13. f4 h6 14. Nf3 Nh4 15. 0-0 Nxf3+ 16. Rxf3 f5 17. Re1 Qe7 18. Qd3 Qe6 19. Nd1 c5 20. Ne3 c4 21. Qd1 Nc6 22. g4 fxg4 23. f5 Qe7 24. Rf4 h5 25. Nxd5 Qg5 26. Ref1 Rad8 27. Qa4 Na5 28. Ne3 Rxd4 29. Ng2 Rxf4 30. Rxf4 h4 31. f6 Qxe5 32. Qd7 Rxf6 33. Rxg4 Qc5+ 34. Qd4 Qf5 35. Qd1 Qf2+ 0-1